00748nam a2200217Ia 4500001000700000003000500007008004100012010001100053040000900064100003400073245012800107260004100235300001000276440000500286502007600291503000500367650003100372650003400403650006700437650002600504Z_1953CHAP220113s1996 xx 000 0 und d a165026 cCHAP aGonzález Castillo, Maricela aDigestibilidad y consumo en ovinos alimentados con tres niveles de rastrojo de maíz /cpor Maricela González Castillo aChapingo, Méx. :bEl autor,c1996 a45 h. a aTesis (Ing. Agr. Esp. en Zootecnia) -- UACH. Departamento de Zootecnia a 7aForrajesxDigestibilidad2 aGanado lanarxAlimentación  aMaíz como forraje I. UACH. Departamento de Zootecnia II. t. aMaízxSubproductos